000 00472nam a22001697a 4500
005 20250128121104.0
008 250110b |||||||| |||| 00| 0 eng d
020 _a97815-43348-16-7
041 _aEnglish
082 _aOG 610.73678 MAS DB1334
100 _aMassey Akansha
_9211166
245 _aComprehensive Midwifery/Obstetrics and Gynecology (OBG) Nursing-I
260 _aJalandhar
_bS.Vikas & Company
_c2024
300 _a771p
365 _bRs.999
942 _cDB
999 _c362492
_d362492